[Event "NCA-chT final"]
[Site "Managua"]
[Date "2018.10.28"]
[Round "2.1"]
[White "Arauz, Luis A"]
[Black "Izaba, Rodolfo"]
[Result "1/2-1/2"]
[WhiteElo "2113"]
[BlackElo "1990"]
[PlyCount "77"]
[EventDate "2018.10.27"]
[EventType "team-tourn"]
[EventRounds "11"]
[EventCountry "NCA"]
[SourceTitle "EXT 2020"]
[Source "ChessBase"]
[SourceDate "2019.10.17"]
[SourceVersion "1"]
[SourceVersionDate "2019.10.17"]
[SourceQuality "1"]

1. e4 e5 2. Bc4 Nc6 3. c3 Nf6 4. d3 Be7 5. f4 0-0 6. Nf3 d6 7. 0-0 a6 8. a4 h6 9. Kh1 Bg4 10. h3 Be6 11. Bxe6 fxe6 12. Qb3 Qd7 13. f5 d5 14. fxe6 Qxe6 15. Nbd2 Rab8 16. a5 Qf7 17. exd5 Qxd5 18. d4 exd4 19. Nxd4 Nxd4 20. cxd4 Qxb3 21. Nxb3 Ne4 22. Rxf8+ Rxf8 23. Be3 Rf5 24. Bg1 Rb5 25. Nc5 Nxc5 26. dxc5 Bxc5 27. Bxc5 Rxc5 28. b4 Rb5 29. Rc1 Rxb4 30. Rxc7 Rb5 31. h4 Kh7 32. Kh2 Rxa5 33. Rxb7 Ra2 34. Kh3 a5 35. h5 a4 36. Ra7 a3 37. Ra6 Ra1 38. Kh2 a2 39. Ra7 1/2-1/2

[Event "NCA-chT final"]
[Site "Managua"]
[Date "2017.10.29"]
[Round "6.2"]
[White "Flores, Manuel"]
[Black "Arauz, Luis A"]
[Result "0-1"]
[WhiteElo "1993"]
[BlackElo "2115"]
[PlyCount "76"]
[EventDate "2017.10.21"]
[EventType "team-tourn"]
[EventRounds "9"]
[EventCountry "NCA"]
[SourceTitle "CBM 181 Extra"]
[Source "ChessBase"]
[SourceDate "2017.12.12"]
[SourceVersion "1"]
[SourceVersionDate "2017.12.12"]
[SourceQuality "1"]

1. d4 g6 2. e4 Bg7 3. e5 c5 4. c3 cxd4 5. cxd4 d6 6. Bb5+ Bd7 7. Bxd7+ Qxd7 8. f4 dxe5 9. fxe5 Nc6 10. Nf3 Rd8 11. Nc3 Nxd4 12. 0-0 Nh6 13. Be3 Nhf5 14. Bxd4 Nxd4 15. Nxd4 Qxd4+ 16. Qxd4 Rxd4 17. Nb5 Rd2 18. Rfe1 0-0 19. Nxa7 Rxb2 20. a4 Rd8 21. Rab1 Bxe5 22. Nb5 Rxb1 23. Rxb1 Rd2 24. Rc1 Kg7 25. g3 Ra2 26. Rc4 f5 27. Nd4 Bxd4+ 28. Rxd4 Kf6 29. Rb4 h5 30. h4 e6 31. Kf1 Ke5 32. Kg1 Kd5 33. Kf1 e5 34. Rxb7 Rxa4 35. Kf2 Rd4 36. Kf3 Rd3+ 37. Kf2 e4 38. Ke2 Rxg3 0-1

[Event "NCA-chT"]
[Site "Managua"]
[Date "2015.11.29"]
[Round "9.1"]
[White "Izaba, Rodolfo"]
[Black "Arauz, Luis A"]
[Result "1/2-1/2"]
[WhiteElo "2144"]
[BlackElo "2090"]
[PlyCount "56"]
[EventDate "2015.11.14"]
[EventType "team-tourn"]
[EventRounds "9"]
[EventCountry "NCA"]
[SourceTitle "EXT 2018"]
[Source "ChessBase"]
[SourceDate "2017.10.13"]
[SourceVersion "1"]
[SourceVersionDate "2017.10.13"]
[SourceQuality "1"]
[WhiteTeam "Jane Allen's Knights"]
[BlackTeam "Gigantes de Occidente"]
[WhiteTeamCountry "NCA"]
[BlackTeamCountry "NCA"]

1. e4 e5 2. Nf3 Nc6 3. Bb5 Nf6 4. 0-0 d6 5. Bxc6+ bxc6 6. Re1 c5 7. h3 Be7 8. d3 0-0 9. Nc3 Rb8 10. b3 Be6 11. a4 Nd7 12. Bd2 f5 13. exf5 Rxf5 14. Ne4 h6 15. Ng3 Rf7 16. Ne4 Bd5 17. Nh2 Nf6 18. Ng4 Nxg4 19. Qxg4 Qc8 20. Qxc8+ Rxc8 21. Re2 Rcf8 22. Rf1 Bd8 23. Bc1 Be7 24. Bd2 Bd8 25. Bc1 Be7 26. Be3 Bd8 27. Bd2 Be7 28. Nc3 Bc6 1/2-1/2

[Event "NCA-chT"]
[Site "Managua"]
[Date "2015.11.22"]
[Round "5.1"]
[White "Arauz, Luis A"]
[Black "David, Alarcon"]
[Result "1/2-1/2"]
[WhiteElo "2090"]
[BlackElo "2082"]
[PlyCount "61"]
[EventDate "2015.11.14"]
[EventType "team-tourn"]
[EventRounds "9"]
[EventCountry "NCA"]
[SourceTitle "EXT 2018"]
[Source "ChessBase"]
[SourceDate "2017.10.13"]
[SourceVersion "1"]
[SourceVersionDate "2017.10.13"]
[SourceQuality "1"]
[WhiteTeam "Gigantes de Occidente"]
[BlackTeam "Joaquin Hurtado"]
[WhiteTeamCountry "NCA"]
[BlackTeamCountry "NCA"]

1. e4 e6 2. d4 d5 3. Nc3 Bb4 4. e5 c5 5. a3 Bxc3+ 6. bxc3 Bd7 7. Nf3 Ne7 8. Bd3 c4 9. Be2 Ba4 10. 0-0 h6 11. Ne1 Kd7 12. Bh5 Qg8 13. Bd2 Nbc6 14. g3 Qh7 15. Rb1 Rab8 16. Rb2 Rhf8 17. Ng2 Nc8 18. Ne3 a6 19. Bg4 Kc7 20. Qf3 Nb6 21. Rfb1 Bb5 22. a4 Nxa4 23. Ra2 f5 24. Bh3 g5 25. Qh5 Ne7 26. Rba1 g4 27. Bg2 Be8 28. Qh4 Ng6 29. Qh5 Nf4 30. Qh4 Ng6 31. Qh5 1/2-1/2

[Event "NCA-chT"]
[Site "Managua"]
[Date "2015.11.21"]
[Round "4.1"]
[White "Espinoza, Felix"]
[Black "Arauz, Luis A"]
[Result "0-1"]
[WhiteElo "2211"]
[BlackElo "2090"]
[PlyCount "72"]
[EventDate "2015.11.14"]
[EventType "team-tourn"]
[EventRounds "9"]
[EventCountry "NCA"]
[SourceTitle "EXT 2018"]
[Source "ChessBase"]
[SourceDate "2017.10.13"]
[SourceVersion "1"]
[SourceVersionDate "2017.10.13"]
[SourceQuality "1"]
[WhiteTeam "Academia Julio Ramirez"]
[BlackTeam "Gigantes de Occidente"]
[WhiteTeamCountry "NCA"]
[BlackTeamCountry "NCA"]

1. e4 c6 2. d4 d5 3. e5 Bf5 4. Ne2 e6 5. Ng3 Ne7 6. Nd2 h5 7. h4 Nd7 8. Nb3 b5 9. Nxh5 a5 10. a4 b4 11. g4 Be4 12. f3 Bh7 13. Bg5 Qc7 14. Bxe7 Bxe7 15. Nxg7+ Kf8 16. Nh5 Bg6 17. f4 c5 18. Bd3 Bxh5 19. gxh5 c4 20. Qg4 Rg8 21. Qf3 cxd3 22. Qxd3 Qc4 23. Qh7 Rc8 24. Rh2 f5 25. exf6 Nxf6 26. Qh6+ Kf7 27. 0-0-0 Qxb3 28. f5 exf5 29. Re2 Qxa4 30. Kb1 b3 31. cxb3 Qxb3 32. Rde1 Ne4 33. Qh7+ Ke6 34. Rf2 Rgf8 35. Qg6+ Rf6 36. Rxe4+ dxe4 0-1

[Event "Managua Grand Prix 12th"]
[Site "Managua"]
[Date "2011.04.18"]
[Round "5.4"]
[White "Arauz, Luis A"]
[Black "Ortiz, Marcos"]
[Result "1/2-1/2"]
[WhiteElo "2134"]
[BlackElo "2111"]
[PlyCount "60"]
[EventDate "2011.04.16"]
[EventType "swiss"]
[EventRounds "7"]
[EventCountry "NCA"]
[SourceTitle "EXT 2024"]
[Source "ChessBase"]
[SourceDate "2023.10.10"]
[SourceVersion "1"]
[SourceVersionDate "2023.10.10"]
[SourceQuality "1"]

1. e4 c5 2. Nf3 d6 3. d4 cxd4 4. Nxd4 Nf6 5. Nc3 a6 6. Bc4 e6 7. Bb3 Nbd7 8. g4 Nc5 9. Qe2 b5 10. g5 Nfd7 11. Bd2 Bb7 12. a3 Nxb3 13. cxb3 g6 14. 0-0-0 e5 15. Nc2 Nc5 16. b4 Ne6 17. h4 Be7 18. Be3 Rc8 19. f3 Qc7 20. Kb1 Qc4 21. Qf2 Rf8 22. Bc1 f5 23. Ne3 Qb3 24. Ned5 fxe4 25. Qa7 Nd8 26. fxe4 Rf3 27. Ka1 Rc4 28. Nxe7 Rfxc3 29. Nd5 Bxd5 30. exd5 Rxb4 1/2-1/2

[Event "Managua Grand Prix 12th"]
[Site "Managua"]
[Date "2011.04.17"]
[Round "2.5"]
[White "Allen, Alonso"]
[Black "Arauz, Luis A"]
[Result "0-1"]
[WhiteElo "1935"]
[BlackElo "2134"]
[PlyCount "132"]
[EventDate "2011.04.16"]
[EventType "swiss"]
[EventRounds "7"]
[EventCountry "NCA"]
[SourceTitle "EXT 2024"]
[Source "ChessBase"]
[SourceDate "2023.10.10"]
[SourceVersion "1"]
[SourceVersionDate "2023.10.10"]
[SourceQuality "1"]

1. e4 c6 2. Nf3 d5 3. exd5 cxd5 4. d4 Nc6 5. Bd3 Bg4 6. c3 Nf6 7. Nbd2 e6 8. Qa4 Bd6 9. Ne5 Qc7 10. Ndf3 0-0 11. Nxg4 Nxg4 12. h3 Nf6 13. 0-0 h6 14. Qc2 Rfc8 15. Be3 Nb4 16. Qb1 Nxd3 17. Qxd3 Rab8 18. g4 b5 19. Rfc1 Qc4 20. Qf1 a5 21. Nd2 Qc7 22. Qg2 Nd7 23. g5 hxg5 24. Bxg5 Nb6 25. Bf6 Bf8 26. Be5 Qd7 27. Bxb8 Rxb8 28. Nf3 Bd6 29. Qg4 Qc7 30. Ng5 Bf4 31. Re1 Bxg5 32. Qxg5 Nc4 33. b3 Nd6 34. Qe5 Rc8 35. Rac1 Qb6 36. Kh2 Nf5 37. Red1 Qd8 38. Qf4 Rc6 39. Rg1 Qc8 40. Qd2 Qc7+ 41. Kh1 Qe7 42. Rg4 Qf6 43. Rcg1 g6 44. Qd3 Kg7 45. Rg5 Nd6 46. f3 b4 47. c4 dxc4 48. bxc4 Rxc4 49. d5 Rc3 50. Qe2 Rxf3 51. R1g3 Rf1+ 52. Kg2 Rb1 53. Qe5 Nf5 54. Rxf5 exf5 55. Qxf6+ Kxf6 56. Re3 Rd1 57. a3 Rxd5 58. Rb3 bxa3 59. Rxa3 Ke5 60. Kf3 g5 61. Kg3 Kd6 62. h4 gxh4+ 63. Kxh4 Kc5 64. Rxa5+ Kd4 65. Ra7 f6 66. Kg3 Ke4 0-1